000 00600nam a2200229Ia 4500
005 20260115173948.0
008 008 260114s9999 xx 000 0 eng d
020 _a9781139175043
037 _aEBOOK
040 _aCRL
_beng
_cCRL
041 _aeng
_2eng
084 _qCRL
100 _aSidanius/Pratto
_9894238
245 0 _aSocial Dominance
260 _bCambridge University Press
260 _bCambridge University Press
260 _c1999
650 _aPsychology
_9894239
856 _uhttps://doi.org/10.1017/CBO9781139175043
942 _cEBOOK
999 _c1488822
_d1488822